Intermediate microeconomic theory. (Record no. 168287)
[ view plain ]
| 000 -LEADER | |
|---|---|
| fixed length control field | 00783cam4a220025300 4500 |
| 001 - CONTROL NUMBER | |
| control field | zam00002339 |
| 008 - FIXED-LENGTH DATA ELEMENTS--GENERAL INFORMATION | |
| fixed length control field | 951128s1977 xx eng u |
| 035 ## - SYSTEM CONTROL NUMBER | |
| System control number | (Sirsi) r19718 |
| 035 ## - SYSTEM CONTROL NUMBER | |
| System control number | (MACHINE)SLC. |
| 100 ## - MAIN ENTRY--PERSONAL NAME | |
| Personal name | Kamerschew, D. R. |
| Linkage | A80699.1 |
| 245 10 - TITLE STATEMENT | |
| Title | Intermediate microeconomic theory. |
| 260 ## - PUBLICATION, DISTRIBUTION, ETC. | |
| Date of publication, distribution, etc. | 1977. |
| 591 ## - | |
| -- | Class code: EC 410. |
| 591 ## - | |
| -- | Course: Economic development. |
| 591 ## - | |
| -- | School: S05. |
| 591 ## - | |
| -- | Lecturer: Mr. MWANZA, A.M. |
| 591 ## - | |
| -- | Number of Students: 105. |
| 949 ## - LOCAL PROCESSING INFORMATION (OCLC) | |
| a | HB175.5 |
| w | lcc |
| i | -17831 |
| m | MAIN |
| t | BOOK |
| l | ON-SHELF |
| 949 ## - LOCAL PROCESSING INFORMATION (OCLC) | |
| a | HB175.5 |
| w | lcc |
| i | -17832 |
| m | MAIN |
| t | BOOK |
| l | ON-SHELF |
| 949 ## - LOCAL PROCESSING INFORMATION (OCLC) | |
| a | HB175.5 |
| w | lcc |
| i | -17833 |
| m | MAIN |
| t | BOOK |
| l | ON-SHELF |
| 900 ## - EQUIVALENCE OR CROSS-REFERENCE-PERSONAL NAME [LOCAL, CANADA] | |
| -- | MAIN |
| Field link and sequence number | HB175.5 |
| -- | KAM |
| Titles and other words associated with a name | 3 |
| 909 ## - | |
| -- | Book |
No items available.